00381nam a2200145Ia 4500003000400000008004100004040001600045082001600061100001800077245006400095260002500159300000900184650001700193650002500210GCL140319s9999 xx 000 0 eng d aGCL / cGCL04a937.06bG H1 aGANERI, ANITA10aHOW WOULD YOU SURVIVE AS AN ANCIENT ROMAN / cGANERI, ANITA a[S.N] : bWATTS BOOK a48 P04aROMAN EMPIRE04aANCIENT ROMAN EMPIRE